[Event "SUI-chT"]
[Site "Switzerland"]
[Date "2017.09.03"]
[Round "7.7"]
[White "Wildi, Marcel"]
[Black "Terraz, Christian"]
[Result "1/2-1/2"]
[WhiteElo "2257"]
[BlackElo "2113"]
[PlyCount "48"]
[EventDate "2017.03.19"]
[EventType "team-swiss"]
[EventRounds "9"]
[EventCountry "SUI"]
[SourceTitle "EXT 2018"]
[Source "ChessBase"]
[SourceDate "2017.10.13"]
[SourceVersion "1"]
[SourceVersionDate "2017.10.13"]
[SourceQuality "1"]
[WhiteTeam "Bodan"]
[BlackTeam "Neuchatel"]
[WhiteTeamCountry "SUI"]
[BlackTeamCountry "SUI"]

1. d4 Nf6 2. Nf3 g6 3. Nbd2 Bg7 4. e4 d6 5. c3 0-0 6. Bd3 Nbd7 7. 0-0 e5 8. Re1 b6 9. d5 Nh5 10. Bf1 h6 11. a4 a6 12. Ra3 Ndf6 13. b4 Nh7 14. c4 Nf4 15. c5 f5 16. cxb6 cxb6 17. Nc4 fxe4 18. Rxe4 Bf5 19. Re1 Bg4 20. Qc2 Nh3+ 21. Kh1 Nf4 22. Kg1 Nh3+ 23. Kh1 Nf4 24. Kg1 Nh3+ 1/2-1/2

[Event "SUI-chT"]
[Site "Switzerland"]
[Date "2013.10.12"]
[Round "8.6"]
[White "Wildi, Marcel"]
[Black "Gruenenwald, Joerg"]
[Result "1/2-1/2"]
[WhiteElo "2254"]
[BlackElo "2308"]
[PlyCount "36"]
[EventDate "2013.03.17"]
[EventType "team-tourn"]
[EventRounds "9"]
[EventCountry "SUI"]
[SourceTitle "EXT 2014"]
[Source "ChessBase"]
[SourceDate "2013.11.20"]
[SourceVersion "1"]
[SourceVersionDate "2013.11.20"]
[SourceQuality "1"]
[WhiteTeam "Bodan"]
[BlackTeam "Zuerich"]
[WhiteTeamCountry "SUI"]
[BlackTeamCountry "SUI"]

1. d4 d5 2. Nf3 c6 3. c4 Nf6 4. e3 a6 5. Qc2 Bg4 6. Nbd2 Nbd7 7. Bd3 g6 8. b3 Bg7 9. Bb2 Rc8 10. Rc1 Bxf3 11. Nxf3 0-0 12. 0-0 c5 13. Qb1 Qa5 14. dxc5 Qxc5 15. cxd5 Qxd5 16. Rfd1 Qh5 17. Rxc8 Rxc8 18. Rc1 Rxc1+ 1/2-1/2

[Event "Verbandsliga Sued Baden 0607"]
[Site "Germany"]
[Date "2006.10.22"]
[Round "1.2"]
[White "Wildi, Marcel"]
[Black "Lossau, Siegfried"]
[Result "1/2-1/2"]
[WhiteElo "2279"]
[BlackElo "2096"]
[PlyCount "23"]
[EventDate "2006.10.22"]
[EventType "team"]
[EventRounds "9"]
[EventCountry "GER"]
[SourceTitle "EXT 2008"]
[Source "ChessBase"]
[SourceDate "2007.11.25"]
[SourceVersion "1"]
[SourceVersionDate "2007.11.25"]
[SourceQuality "1"]
[WhiteTeam "Konstanz"]
[BlackTeam "Waldshut II"]
[WhiteTeamCountry "GER"]
[BlackTeamCountry "GER"]

1. g3 Nf6 2. Bg2 d5 3. d3 c5 4. f4 Nc6 5. Nf3 e6 6. 0-0 b6 7. e4 dxe4 8. dxe4 Ba6 9. Qxd8+ Rxd8 10. Re1 Nb4 11. Na3 Be7 12. Ne5 1/2-1/2

[Event "SUI-chT"]
[Site "Switzerland"]
[Date "2006.02.26"]
[Round "1.3"]
[White "Wildi, Marcel"]
[Black "Zueger, Beat"]
[Result "0-1"]
[WhiteElo "2284"]
[BlackElo "2445"]
[PlyCount "82"]
[EventDate "2006.02.26"]
[EventType "team-tourn"]
[EventRounds "9"]
[EventCountry "SUI"]
[SourceTitle "CBM 111 Extra"]
[Source "ChessBase"]
[SourceDate "2006.05.09"]
[SourceVersion "1"]
[SourceVersionDate "2006.05.09"]
[SourceQuality "1"]
[WhiteTeam "Bodan"]
[BlackTeam "Luzern"]
[WhiteTeamCountry "SUI"]
[BlackTeamCountry "SUI"]

1. e4 e6 2. d4 d5 3. Nc3 Nf6 4. e5 Nfd7 5. f4 c5 6. Nf3 Nc6 7. Be3 cxd4 8. Nxd4 Bc5 9. Qd2 0-0 10. 0-0-0 a6 11. h4 Nxd4 12. Bxd4 b5 13. Bxc5 Nxc5 14. Qd4 Qb6 15. Rh3 b4 16. Ne2 a5 17. Rg3 Rb8 18. f5 exf5 19. Nf4 Qh6 20. Qxc5 Qxf4+ 21. Qe3 Qxe3+ 22. Rxe3 Be6 23. Rd4 Rb6 24. Rb3 Rfb8 25. a3 bxa3 26. Rxb6 Rxb6 27. bxa3 Rc6 28. Kb2 Kf8 29. Kb3 Ke7 30. g3 Rc5 31. Bd3 h6 32. Be2 Bd7 33. Rd2 Ke6 34. c4 Kxe5 35. cxd5 Rxd5 36. Rc2 Be6 37. Ka4 Bd7+ 38. Kb3 a4+ 39. Kb4 Rd4+ 40. Kc5 Re4 41. Rd2 Be6 0-1

[Event "Oberliga Baden 0506"]
[Site "Germany"]
[Date "2005.12.11"]
[Round "4.2"]
[White "Wildi, Marcel"]
[Black "Heinz, Timothee"]
[Result "1-0"]
[WhiteElo "2321"]
[BlackElo "2288"]
[PlyCount "65"]
[EventDate "2005.10.23"]
[EventType "team-tourn"]
[EventRounds "9"]
[EventCountry "GER"]
[SourceTitle "EXT 2007"]
[Source "ChessBase"]
[SourceDate "2006.11.23"]
[SourceVersion "1"]
[SourceVersionDate "2006.11.23"]
[SourceQuality "1"]
[WhiteTeam "Konstanz"]
[BlackTeam "Baden-Baden III"]
[WhiteTeamCountry "GER"]
[BlackTeamCountry "GER"]

1. e4 c5 2. Nf3 g6 3. d4 cxd4 4. Nxd4 Bg7 5. c4 Nc6 6. Be3 Nf6 7. Nc3 0-0 8. Be2 d6 9. 0-0 Nxd4 10. Bxd4 Bd7 11. Qd2 Bc6 12. f3 a5 13. b3 Nd7 14. Be3 Nc5 15. Rab1 Qb6 16. Rfc1 Rfc8 17. Rc2 Qd8 18. Bf1 Qf8 19. Nd5 Nd7 20. Nf4 Rd8 21. a3 Be5 22. g3 Qg7 23. Bg2 Nc5 24. b4 axb4 25. axb4 Ne6 26. Nxe6 fxe6 27. Bb6 Rdc8 28. b5 Be8 29. f4 Ba1 30. Rcc1 Ra3 31. e5 Rca8 32. Qe1 dxe5 33. Rxa1 1-0

[Event "Oberliga Baden 0506"]
[Site "Germany"]
[Date "2005.11.13"]
[Round "2.2"]
[White "Wildi, Marcel"]
[Black "Scherer, Helmut"]
[Result "1/2-1/2"]
[WhiteElo "2321"]
[BlackElo "2280"]
[PlyCount "93"]
[EventDate "2005.10.23"]
[EventType "team-tourn"]
[EventRounds "9"]
[EventCountry "GER"]
[SourceTitle "EXT 2007"]
[Source "ChessBase"]
[SourceDate "2006.11.23"]
[SourceVersion "1"]
[SourceVersionDate "2006.11.23"]
[SourceQuality "1"]
[WhiteTeam "Konstanz"]
[BlackTeam "Freiburg"]
[WhiteTeamCountry "GER"]
[BlackTeamCountry "GER"]

1. e4 e5 2. Bc4 Nf6 3. d3 Nc6 4. Nf3 Be7 5. 0-0 0-0 6. Nc3 d6 7. h3 Na5 8. Qe2 Nxc4 9. dxc4 Nd7 10. Rd1 Qe8 11. a4 a5 12. Nb5 Bd8 13. Be3 b6 14. Nd2 Bb7 15. f3 Qe6 16. Nb1 f5 17. exf5 Rxf5 18. N1c3 Qg6 19. Nd5 Rc8 20. Rd2 Rh5 21. Kh1 Rf5 22. Rad1 Bxd5 23. cxd5 Bg5 24. Bxg5 Qxg5 25. Nc3 Nf6 26. Qe1 Rf8 27. Rd3 Rf4 28. R1d2 Qg6 29. Ne2 Rxa4 30. b3 Rb4 31. Rc3 Rf7 32. Rc6 Nh5 33. Rd3 Nf4 34. Nxf4 Rbxf4 35. Rdc3 Rd4 36. Rxc7 Rxd5 37. Rc8+ Rf8 38. Rxf8+ Kxf8 39. Qe2 Rc5 40. Rd3 Qf6 41. Qe4 Rxc2 42. Qa8+ Kf7 43. Qd5+ Ke7 44. Qb7+ Ke8 45. Rd1 Qg6 46. Qa8+ Ke7 47. Qb7+ 1/2-1/2

[Event "Oberliga Baden 0304 "]
[Site "Germany"]
[Date "2003.10.12"]
[Round "1.5"]
[White "Wildi, Marcel"]
[Black "Duessel, Udo"]
[Result "1-0"]
[WhiteElo "2302"]
[BlackElo "2201"]
[PlyCount "135"]
[EventDate "2003.10.12"]
[EventType "team-tourn"]
[EventRounds "9"]
[EventCountry "GER"]
[SourceTitle "EXT 2006"]
[Source "ChessBase"]
[SourceDate "2005.11.24"]
[SourceVersion "1"]
[SourceVersionDate "2005.11.24"]
[SourceQuality "1"]
[WhiteTeam "Konstanz"]
[BlackTeam "Waldshut Tiengen"]
[WhiteTeamCountry "GER"]
[BlackTeamCountry "GER"]

1. g3 d5 2. Bg2 c5 3. f4 Nc6 4. Nf3 Nf6 5. 0-0 g6 6. d3 Bg7 7. Qe1 d4 8. Na3 0-0 9. c3 Nd5 10. Bd2 Bg4 11. Nc2 Qd7 12. c4 Nc7 13. b4 Bh3 14. Bxh3 Qxh3 15. bxc5 Na6 16. Qf2 Qd7 17. Rfb1 Nxc5 18. Rb5 b6 19. a4 Rfd8 20. a5 Rab8 21. Qf1 Qc7 22. Qc1 Nxa5 23. Raxa5 bxa5 24. Bxa5 Rb6 25. Qa3 Nb7 26. Bxb6 axb6 27. Qa7 Qc8 28. Qxb6 Nd6 29. Rc5 Qa8 30. Ra5 Qc8 31. Nb4 Nf5 32. Nc6 Rd7 33. Rb5 h6 34. Qb8 Qxb8 35. Rxb8+ Kh7 36. Rd8 Rb7 37. Ncxd4 Ne3 38. Nb5 Bf6 39. Ra8 Kg7 40. h3 g5 41. fxg5 hxg5 42. Nd2 g4 43. hxg4 Nxg4 44. Ne4 Be5 45. Kg2 Rb6 46. Ra7 e6 47. Nec3 Kg6 48. Ra8 f5 49. Rc8 Bxc3 50. Nxc3 Rb2 51. Ra8 Rc2 52. Ra3 Kf6 53. Kf3 Ne5+ 54. Ke3 Rc1 55. Kd4 Rg1 56. Ra6 Nd7 57. Nd5+ Kf7 58. Ra7 Ke8 59. Ra8+ Kf7 60. Ra7 Ke8 61. Nc7+ Ke7 62. c5 Rxg3 63. c6 e5+ 64. Kd5 Nb6+ 65. Kc5 Nc8 66. Nd5+ Ke6 67. Ra8 Nd6 68. Rd8 1-0

[Event "Oberliga Baden 0203"]
[Site "Germany"]
[Date "2003.01.12"]
[Round "4.2"]
[White "Karpatchev, Aleksandr"]
[Black "Wildi, Marcel"]
[Result "1-0"]
[WhiteElo "2499"]
[BlackElo "2264"]
[PlyCount "43"]
[EventDate "2002.10.20"]
[EventType "team-tourn"]
[EventRounds "9"]
[EventCountry "GER"]
[SourceTitle "EXT 2018"]
[Source "ChessBase"]
[SourceDate "2017.10.13"]
[SourceVersion "1"]
[SourceVersionDate "2017.10.13"]
[SourceQuality "1"]
[WhiteTeam "Bad Mergentheim"]
[BlackTeam "Konstanz"]
[WhiteTeamCountry "GER"]
[BlackTeamCountry "GER"]

1. e4 e6 2. d4 d5 3. Nd2 Nf6 4. e5 Nfd7 5. c3 c5 6. Bd3 Nc6 7. Ndf3 cxd4 8. cxd4 f6 9. exf6 Nxf6 10. Nh3 Bd6 11. 0-0 Qc7 12. Re1 0-0 13. Nhg5 h6 14. Nxe6 Bxe6 15. Rxe6 Ng4 16. Rg6 Qd7 17. h3 Nxf2 18. Kxf2 Nxd4 19. Bxh6 Bc5 20. Bxg7 Nxf3+ 21. Bd4+ Kh7 22. Bxc5 1-0

[Event "Baden OL 0102"]
[Site "Germany"]
[Date "2002.04.14"]
[Round "8.3"]
[White "Nippgen, Georg"]
[Black "Wildi, Marcel"]
[Result "1-0"]
[WhiteElo "2252"]
[BlackElo "2324"]
[PlyCount "69"]
[EventDate "2001.10.07"]
[EventType "team"]
[EventRounds "9"]
[EventCountry "GER"]
[SourceTitle "EXT 2003"]
[Source "ChessBase"]
[SourceDate "2002.11.25"]
[SourceVersion "1"]
[SourceVersionDate "2002.11.25"]
[SourceQuality "1"]
[WhiteTeam "Heidelberg"]
[BlackTeam "Konstanz"]
[WhiteTeamCountry "GER"]
[BlackTeamCountry "GER"]

1. Nf3 f5 2. d4 g6 3. Bf4 Bg7 4. e3 Nf6 5. h3 d6 6. Bc4 e6 7. Nbd2 Nc6 8. c3 Qe7 9. b4 e5 10. dxe5 dxe5 11. Bh2 e4 12. Nd4 Nxd4 13. cxd4 Be6 14. Qb3 Bxc4 15. Nxc4 Rd8 16. 0-0 Nd5 17. Na5 c6 18. b5 c5 19. Rac1 cxd4 20. exd4 Qf7 21. Nc4 Qe6 22. Qa3 f4 23. Rfe1 Bf8 24. Qb3 Bb4 25. Re2 0-0 26. Ne5 e3 27. Nf3 Kh8 28. fxe3 fxe3 29. Be5+ Kg8 30. Ng5 Qf5 31. Rc7 Rd7 32. Qxd5+ Rxd5 33. Rg7+ Kh8 34. Rxh7+ Kg8 35. Rh8# 1-0

[Event "Zuerich op 25th"]
[Site "Zuerich"]
[Date "2001.12.29"]
[Round "6"]
[White "Klein, Joachim"]
[Black "Wildi, Marcel"]
[Result "0-1"]
[WhiteElo "2201"]
[BlackElo "2295"]
[PlyCount "75"]
[EventDate "2001.12.26"]
[EventType "swiss"]
[EventRounds "7"]
[EventCountry "SUI"]
[SourceTitle "EXT 2003"]
[Source "ChessBase"]
[SourceDate "2002.11.25"]
[SourceVersion "1"]
[SourceVersionDate "2002.11.25"]
[SourceQuality "1"]

1. e4 d6 2. d4 Nf6 3. Nc3 g6 4. Be3 c6 5. Bd3 Bg7 6. h3 Nbd7 7. Qd2 0-0 8. Bh6 Qb6 9. Bxg7 Kxg7 10. Nf3 e5 11. 0-0-0 exd4 12. Na4 Qc7 13. Nxd4 b5 14. Nc3 b4 15. Nce2 c5 16. Nb5 Qb6 17. Bc4 d5 18. Bxd5 Nxd5 19. Qxd5 Qxb5 20. Qxa8 Qxe2 21. Qxa7 Qxf2 22. Rxd7 Bxd7 23. Qxd7 Qxg2 24. Re1 Qg5+ 25. Qd2 Qxd2+ 26. Kxd2 Rd8+ 27. Ke3 Kf6 28. c3 bxc3 29. bxc3 Ra8 30. Rf1+ Ke6 31. Rf2 f6 32. h4 Ra3 33. Kd3 Ra4 34. h5 Ke5 35. hxg6 hxg6 36. Rg2 g5 37. Rf2 Rxe4 38. Rxf6 0-1

[Event "Zuerich op 24th"]
[Site "Zuerich"]
[Date "2000.12.27"]
[Round "3"]
[White "Eggenberger, Werner"]
[Black "Wildi, Marcel"]
[Result "0-1"]
[WhiteElo "2068"]
[BlackElo "2313"]
[PlyCount "86"]
[EventDate "2000.12.26"]
[EventType "swiss"]
[EventRounds "7"]
[EventCountry "SUI"]
[SourceTitle "EXT 2002"]
[Source "ChessBase"]
[SourceDate "2001.11.25"]
[SourceVersion "1"]
[SourceVersionDate "2001.11.25"]
[SourceQuality "1"]

1. e4 d6 2. d4 Nf6 3. Nc3 g6 4. Bc4 Bg7 5. Qe2 Nc6 6. e5 Nd7 7. Bxf7+ Kxf7 8. Nf3 Nf8 9. Qc4+ Ke8 10. 0-0 d5 11. Qa4 e6 12. b4 h6 13. Ne2 Bd7 14. Qb3 Ne7 15. a4 Kf7 16. b5 Kg8 17. Nf4 Qe8 18. Ba3 g5 19. Nd3 Nfg6 20. g3 g4 21. Nd2 Nf5 22. Bb2 h5 23. c4 c6 24. cxd5 cxd5 25. Nc5 b6 26. Na6 Rc8 27. Rac1 Bh6 28. Qd3 Rh7 29. Rxc8 Bxc8 30. Nb4 Rc7 31. Rc1 Rxc1+ 32. Bxc1 Bd7 33. Qc3 Nge7 34. Bb2 Qc8 35. Qd3 Bf8 36. f3 gxf3 37. Qxf3 Be8 38. g4 hxg4 39. Qxg4+ Ng6 40. Nc6 Nh6 41. Qh5 Kh7 42. Nf3 Bxc6 43. Bc1 Be8 0-1

[Event "Baden Casino op 5th"]
[Site "Baden"]
[Date "2000.??.??"]
[Round "5"]
[White "Drabke, Lorenz Maximilian"]
[Black "Wildi, Marcel"]
[Result "1/2-1/2"]
[WhiteElo "2149"]
[BlackElo "2304"]
[PlyCount "43"]
[EventDate "2000.04.??"]
[EventType "swiss"]
[EventRounds "9"]
[EventCountry "SUI"]
[SourceTitle "EXT 2001"]
[Source "ChessBase"]
[SourceDate "2000.11.22"]
[SourceVersion "1"]
[SourceVersionDate "2000.11.22"]
[SourceQuality "1"]

1. e4 d6 2. d4 Nf6 3. Nc3 g6 4. Nf3 Bg7 5. Be2 0-0 6. 0-0 c6 7. h3 Nbd7 8. a4 Qc7 9. a5 e5 10. dxe5 dxe5 11. Be3 Nh5 12. Nd2 Ndf6 13. Qb1 Nf4 14. Bc4 N6h5 15. Rd1 Qe7 16. Bf1 Bh6 17. Kh2 Nxh3 18. Bxh6 Nxf2 19. Be2 Qh4+ 20. Kg1 Bg4 21. Rf1 Nh3+ 22. gxh3 1/2-1/2